European Countries which have colonies - Statistics

General Stats
  • This quiz has been taken 166 times
  • The average score is 6 of 6
Answer Stats
Answer % Correct
France
100%
United Kingdom
100%
Spain
97%
Portugal
96%
Netherlands
90%
Denmark
88%
No matching quizzes found
Score Distribution
Percent of People with Each Score
Percentile by Number Answered
Your Score History
You have not taken this quiz